Freak the freak out - Lyrics - Statistics

General Stats
  • This quiz has been taken 12 times
  • The average score is 210 of 273
Answer Stats
Answer % Correct
freak
100%
a
90%
and
90%
can
90%
Can
90%
go.
90%
Hear
90%
hear
90%
I
90%
I'm
90%
listen,
90%
listen
90%
listen.
90%
me
90%
me,
90%
me?
90%
name,
90%
name
90%
never
90%
Never
90%
No,
90%
of
90%
out
90%
same
90%
same,
90%
scream
90%
sick
90%
So
90%
so
90%
talk,
90%
talk
90%
the
90%
what
90%
What
90%
you
90%
you,
90%
your
90%
Are
80%
are
80%
be?
80%
can't
80%
do
80%
do?
80%
door,
80%
gonna
80%
Is
80%
is
80%
it
80%
it,
80%
know?
80%
know,
80%
know.
80%
less?
80%
listening?
80%
more?
80%
now
80%
oh
80%
Open
80%
said,
80%
shout
80%
shout,
80%
sing.
80%
tell
80%
Tell
80%
there?
80%
up
80%
attention
70%
but
70%
But
70%
communicate
70%
deficit,
70%
deficit
70%
even
70%
here?
70%
in
70%
knew
70%
to
70%
what's
70%
When
70%
always
60%
come,
60%
come
60%
Easy
60%
easy
60%
head,
60%
something
60%
stays
60%
try
60%
Whoa
60%
whoa
60%
word
60%
am
50%
beware
50%
'Cause
50%
don't
50%
Gotta
50%
gotta
50%
Keep
50%
real,
50%
should
50%
Show
50%
thin,
50%
think
50%
above
40%
another
40%
dark
40%
ear
40%
else
40%
get,
40%
get
40%
I'll
40%
Nodding
40%
opposite
40%
opposite,
40%
someone
40%
thinking
40%
through
40%
Why
40%
breaks,
30%
does
30%
fit
30%
heal?
30%
If
30%
relate.
30%
throw
30%
wait,
30%
again,
20%
Patience
20%
running
10%
No matching quizzes found
Score Distribution
Percent of People with Each Score
Percentile by Number Answered
Your Score History
You have not taken this quiz